| 000 | 00706nam a22002417a 4500 | ||
|---|---|---|---|
| 008 | 130915b xxu||||| |||| 00| 0 eng d | ||
| 020 | _a81-7808-165-2 | ||
| 024 | _cAvailable | ||
| 037 | _cAvailable | ||
| 040 |
_aMBSTU LIBRARY _dMBSTU LIBRARY |
||
| 082 |
_222 _a005.362 WRT |
||
| 100 | _aWright, Gary R. | ||
| 245 | _aTCP/IP Illustrated. | ||
| 260 |
_aDelhi _bAddision Wisley. _c2000 |
||
| 300 |
_a24 cm. _b1174 page _f1 _g24 cm. |
||
| 600 | _2C++ (Computer languages) | ||
| 650 | _2C++ (Computer languages) | ||
| 700 | _aWright, Gary R. | ||
| 270 |
_aDelhi _bDelhi _dIndia |
||
| 365 |
_b594.00 _d594.00 |
||
| 942 |
_2ddc _cBK |
||
| 999 |
_c682 _d682 |
||